Farmers' suicides in India: (Record no. 511851)

000 -LEADER
fixed length control field 00472nam a22001457a 4500
020 ## - INTERNATIONAL STANDARD BOOK NUMBER
International Standard Book Number 9780367374907
082 ## - DEWEY DECIMAL CLASSIFICATION NUMBER
Classification number Z000x54 B631
100 ## - MAIN ENTRY--PERSONAL NAME
Personal name Bodh, P.C.
9 (RLIN) 12202
245 ## - TITLE STATEMENT
Title Farmers' suicides in India:
Remainder of title a policy malignancy
Statement of responsibility, etc by P. C. Bodh
260 ## - PUBLICATION, DISTRIBUTION, ETC. (IMPRINT)
Place of publication, distribution, etc New York
Name of publisher, distributor, etc Routledge
Date of publication, distribution, etc 2019
300 ## - PHYSICAL DESCRIPTION
Extent xiii, 270p.
650 ## - SUBJECT ADDED ENTRY--TOPICAL TERM
Topical term or geographic name as entry element Farmers -- India -- Social conditions.
9 (RLIN) 12250
650 ## - SUBJECT ADDED ENTRY--TOPICAL TERM
Topical term or geographic name as entry element Farmers -- Suicidal behavior -- India.
9 (RLIN) 12251
650 ## - SUBJECT ADDED ENTRY--TOPICAL TERM
Topical term or geographic name as entry element Farms, Small -- India.
9 (RLIN) 12252
Holdings
Withdrawn status Lost status Source of classification or shelving scheme Damaged status Koha normalized classification for sorting Not for loan Permanent location Current location Date acquired Full call number Barcode Date last seen Price effective from Koha item type
        Z_000X54_B631   Indian Institute of Public Administration Indian Institute of Public Administration 2019-10-15 Z000x54 B631 88221 2019-10-15 2019-10-15 Book

Powered by Koha